000 00277 a2200121 4500
001 154622
040 _cEscola São Tomás de Aquino
240 1 0 _aPerfil da economia dos EUA
_lpor
245 1 0 _aPerfil da economia dos EUA
300 _a125
697 _aHISTÓRIA
942 _cBK
999 _c154622
_d154622